Mouvement Artistique Peinture - Statistiques

Statistiques générales
  • Ce quiz a été pris 966 fois
  • Le résultat moyen est 7 sur 14
Statistiques - réponses
Dates (approximation) Mouvement Caractéristiques % Correct
1860 à 1890 Impressionnisme Lumière, instantané
84%
1840 à 1880 Réalisme Vérité, social
80%
1905 à 1925 Cubisme Formes, perspectives
76%
1800 à 1850 Romantisme Émotion, drame
67%
1920 à 1940 Surréalisme Rêve, imaginaire
67%
Fin XVIIe à XVIIIe Baroque Mouvement, contraste
60%
XVe et XVIe Renaissance Harmonie, proportions
53%
XVIIe à Début XVIIIe Classicisme Équilibre, rigueur
50%
1905 à 1910 Fauvisme Vif, simplifié
47%
1720 à 1780 Rococo Légèreté, pastel
36%
Fin XVIIIe à début XIXe Néoclassicisme Antiquité, sobriété
29%
1880 à 1905 Post-impressionnisme Couleurs, subjectif
17%
XIIe à XVe Art Gothique Réalisme, perspective
5%
XIe et XIIe Art Roman Fresques religieuses, couleurs vives
5%
Aucun quiz correspondant
Distribution des résultats
% des personnes avec chaque résultat
Percentile par nombre de réponses
Votre historique - résultats
Vous n’avez pas pris ce quiz